NLSUI OPAC header image

The art of cross examination : With the cross-examinatins of important witness in some celebrated cases (Record no. 31193)

MARC details
000 -LEADER
fixed length control field 00478nam a2200157Ia 4500
008 - FIXED-LENGTH DATA ELEMENTS--GENERAL INFORMATION
fixed length control field 160316s1978 xxu||||| |||| 00| 0 eng d
082 ## - DEWEY DECIMAL CLASSIFICATION NUMBER
Classification number 347.075000
Item number WEL
100 ## - MAIN ENTRY--PERSONAL NAME
Personal name Wellman Francis Lewis
245 ## - TITLE STATEMENT
Title The art of cross examination : With the cross-examinatins of important witness in some celebrated cases
250 ## - EDITION STATEMENT
Edition statement
260 ## - PUBLICATION, DISTRIBUTION, ETC.
Place of publication, distribution, etc. New York
Name of publisher, distributor, etc. Gordon Press
Date of publication, distribution, etc. 1978
300 ## - PHYSICAL DESCRIPTION
Extent 404p
Other physical details
Dimensions
365 ## - TRADE PRICE
Price amount Rs. 2,050
650 ## - SUBJECT ADDED ENTRY--TOPICAL TERM
Topical term or geographic name entry element 1. Corss Examination - U S A
700 ## - ADDED ENTRY--PERSONAL NAME
Personal name
--
Holdings
Withdrawn status Lost status Source of classification or shelving scheme Damaged status Not for loan Home library Current library Shelving location Date acquired Cost, normal purchase price Total Checkouts Full call number Barcode Date last seen Price effective from Koha item type
    Dewey Decimal Classification   Not For Loan . . Faculty Publication - Display Area 30.05.2017 2050.00   347.075 WEL 28486 30.05.2017 30.05.2017 BOOKs